000
00260nam a2200097Ia 4500
001
1225648
005
20250827092949.0
008
250824s9999 xx 000 0 und d
245
0
_a
SULTANI ÖLDÜRMEK
_c
AHMET ÜMİT
260
_b
EVEREST YAYINLARI
999
_c
1225648
_d
1225648